Policing the new world disorder : peace operations and public security /

Bibliographic Details
Corporate Author: National Defense University Press
Other Authors: Oakley, Robert B., 1931-2014, Dziedzic, Michael J., Goldberg, Eliot M., 1969-
Format: Government Document Microform Book
Language:English
Published: Washington, DC : National Defense University Press, 1998.
Subjects:
Online Access:https://purl.fdlp.gov/GPO/LPS1656

MARC

Tag First Indicator Second Indicator Subfields
LEADER 00000cam a2200000 a 4500
001 in00000001181
007 he bmb024baca
008 980901s1998 dcuab bb f000 0 eng d
005 20230309222438.3
020 |a 1579060064 
035 |a (OCoLC)39780310 
035 |9 AHS9415AM 
035 |a in00000001181 
037 |a 008-020-01447-8  |b GPO  |f paper copy  |c $27.00 
040 |a DGPO  |c DGPO  |d DLC  |d MvI  |d UtOrBLW 
043 |a n-us--- 
049 |a UDOC 
049 |a WWW 
050 0 0 |a JZ6377.U6  |b P65 1998 
074 |a 0378-H-01 (MF) 
074 |a 0378-H-01 (online) 
082 0 0 |a 341.5/84  |2 21 
086 0 |a D 5.402:D 63 
245 0 0 |a Policing the new world disorder :  |b peace operations and public security /  |c edited by Robert B. Oakley, Michael J. Dziedzic, Eliot M. Goldberg. 
246 3 0 |a Peace operations and public security 
264 1 |a Washington, DC :  |b National Defense University Press,  |c 1998. 
300 |a xiii, 573 pages :  |b illustrations, maps ;  |c 23 cm. 
336 |a text  |b txt  |2 rdacontent 
337 |a microform  |b h  |2 rdamedia 
338 |a microfiche  |b he  |2 rdacarrier 
500 |a Shipping list number: 98-0972-M. 
500 |a "First printing, May 1998"--Title page verso. 
504 |a Includes bibliographical references. 
533 |a Microfiche.  |b [Washington, D.C.] :  |c Supt. of Docs., U.S. G.P.O.,  |d [1998]  |e 7 microfiches : negative. 
530 |a Also available via Internet from the NDU web site. 
500 |a Microform. 
610 2 0 |a United Nations  |x Armed Forces. 
651 0 |a United States  |x Armed Forces  |z Foreign countries. 
700 1 |a Oakley, Robert B.,  |d 1931-2014. 
700 1 |a Dziedzic, Michael J. 
700 1 |a Goldberg, Eliot M.,  |d 1969- 
710 2 |a National Defense University Press. 
856 4 1 |u https://purl.fdlp.gov/GPO/LPS1656  |t 0 
999 |a MARS 
999 f f |i 406e7381-57d8-3b5b-b575-ee0f9041faf7  |s fc92381c-5361-3ab4-a5af-05cfb4fa5cd3  |t 0 
952 f f |p normal  |a Texas A&M University  |b College Station  |c Sterling C. Evans Library  |d Evans: US Documents Microfiche (3rd floor)  |t 0  |e D 5.402:D 63  |h Superintendent of Documents classification  |i microform -- microfiche  |m A14838190690 
952 f f |a Texas A&M University  |b College Station  |c Electronic Resources  |d Available Online  |t 0  |e D 5.402:D 63  |h Superintendent of Documents classification 
998 f f |a D 5.402:D 63  |t 0  |l Evans: US Documents Microfiche (3rd floor) 
998 f f |a D 5.402:D 63  |t 0  |l Available Online